书目信息 |
| 题名: |
区块链数字货币投资指南
|
|
| 作者: | 李涛 , 丹华 , 邬烈瀚 著 | |
| 分册: | ||
| 出版信息: | 北京 中国人民大学出版社 2017 |
|
| 页数: | 231页 | |
| 开本: | 23cm | |
| 丛书名: | ||
| 单 册: | ||
| 中图分类: | F713.361.3 | |
| 科图分类: | ||
| 主题词: | 电子商务--电子支付--支付方式 | |
| 电子资源: | ||
| ISBN: | 978-7-300-23928-6 | |
| 000 | 00973nam0 2200265 450 | |
| 001 | 012001004512 | |
| 005 | 20140928162349.0 | |
| 010 | @a978-7-300-23928-6@b精装@dCNY65.00 | |
| 100 | @a20170905d2017 em y0chiy50 ea | |
| 101 | 0 | @achi |
| 102 | @aCN@b110000 | |
| 105 | @ay z 000yy | |
| 106 | @ar | |
| 200 | 1 | @a区块链数字货币投资指南@9qu kuai lian shu zi huo bi tou zi zhi nan@dInvestment guide to blockchain digital currency@f李涛,丹华,邬烈瀚著@zeng |
| 210 | @a北京@c中国人民大学出版社@d2017 | |
| 215 | @a231页@d23cm | |
| 330 | @a本书涵盖区块链技术和数字货币基础知识介绍、数字货币类型及投资理论与方法介绍、各种投资风险的识别与规避介绍等。 | |
| 510 | 1 | @aInvestment guide to blockchain digital currency@zeng |
| 606 | 0 | @a电子商务@x电子支付@x支付方式 |
| 690 | @aF713.361.3@v5 | |
| 701 | 0 | @a李涛@9li tao@4著 |
| 701 | 0 | @a丹华@9dan hua@4著 |
| 701 | 0 | @a邬烈瀚@9wu lie han@4著 |
| 801 | 0 | @aCN@b上海新华@c20180901 |
| 905 | @b1166337-41@dF713.361.3@e1084@f5 | |
| 区块链数字货币投资指南=Investment guide to blockchain digital currency/李涛,丹华,邬烈瀚著.-北京:中国人民大学出版社,2017 |
| 231页;23cm |
| ISBN 978-7-300-23928-6(精装):CNY65.00 |
| 本书涵盖区块链技术和数字货币基础知识介绍、数字货币类型及投资理论与方法介绍、各种投资风险的识别与规避介绍等。 |
| ● |
| 相关链接 |
|
|
|
|
正题名:区块链数字货币投资指南
索取号:F713.361.3/1084
 
预约/预借
| 序号 | 登录号 | 条形码 | 馆藏地/架位号 | 状态 | 备注 |
| 1 | 1166337 | 211663378 | 第一样本阅览室/ [索取号:F713.361.3/1084] | 在馆 | |
| 2 | 1166338 | 211663387 | 密集书库-海洋学院/ [索取号:F713.361.3/1084] | 在馆 | |
| 3 | 1166339 | 211663396 | 第一借阅区/ [索取号:F713.361.3/1084] | 在馆 | |
| 4 | 1166340 | 211663403 | 第一借阅区/ [索取号:F713.361.3/1084] | 在馆 | |
| 5 | 1166341 | 211663412 | 第一借阅区/ [索取号:F713.361.3/1084] | 在馆 |